000 00334nam a22001457a 4500
008 210512b ||||| |||| 00| 0 eng d
020 _a9781256830528
041 _aeng
080 _23rd
_a37
082 _a37
100 _a46
101 _aEDU
245 _aThe Georgetown College Skills Handbook
_cBarbara Burch
942 _2udc
_cBK
999 _c57300
_d57300